00715nam a2200205 i 4500001001100000003000500011005001700016008004100033040002500074082002100099100003200120245006100152264010400213300002900317336002100346337002500367338002300392500005800415650003600473C2-0128640PPAK20180727120804.0970924s1986 xx |||| ||||| | may d aPPAKbengcPPAKerda04a352.095951122230 aSahilah bt. Ahmad, eauthor10aSejarah institusi penghulu di Kedah dari tahun 1909-1957 1a[place of publication not identified] : bJabatan Sejarah Universiti Kebangsaan Malaysia , c[1986] axxi, 213 pages ; c22 cm 2rdacontentatext 2rdamediaaunmediated 2rdacarrieravolume aTesis - Latihan ilmiah ; Bahan tidak boleh difotokopi10aKedah - Officials and employees